[Event "Batmany ISUCT Rating"]
[Site "Batmany"]
[Date "2010.12.04"]
[Round "6.3"]
[White "Malyshev, Alexandr"]
[Black "Gorshkov, Daniil"]
[Result "1/2-1/2"]
[WhiteElo "1955"]
[BlackElo "2133"]
[PlyCount "52"]
[EventDate "2010.11.29"]
[EventType "tourn"]
[EventRounds "10"]
[EventCountry "RUS"]
[SourceTitle "EXT 2022"]
[Source "ChessBase"]
[SourceDate "2021.10.06"]
[SourceVersion "1"]
[SourceVersionDate "2021.10.06"]
[SourceQuality "1"]

1. d4 Nf6 2. c4 g6 3. Nc3 d5 4. Nf3 Bg7 5. e3 0-0 6. Be2 Bf5 7. Qb3 b6 8. cxd5 Ne4 9. Nd2 Nxc3 10. Qxc3 Qxd5 11. Bf3 Qd6 12. Bxa8 c6 13. 0-0 Rc8 14. Nb3 Qc7 15. Re1 Bd7 16. Qd3 Be8 17. Qc2 Na6 18. Qe2 Nb4 19. a3 Nd5 20. e4 Nf6 21. Bxc6 Bxc6 22. d5 Ba4 23. Nd4 Nd7 24. Nf3 Nc5 25. g3 Qd7 26. Rb1 Nxe4 1/2-1/2

[Event "Batmany ISUCT Rating"]
[Site "Batmany"]
[Date "2010.12.03"]
[Round "5.3"]
[White "Vashurin, Artur"]
[Black "Gorshkov, Daniil"]
[Result "1-0"]
[WhiteElo "2028"]
[BlackElo "2133"]
[PlyCount "75"]
[EventDate "2010.11.29"]
[EventType "tourn"]
[EventRounds "10"]
[EventCountry "RUS"]
[SourceTitle "EXT 2022"]
[Source "ChessBase"]
[SourceDate "2021.10.06"]
[SourceVersion "1"]
[SourceVersionDate "2021.10.06"]
[SourceQuality "1"]

1. d4 d6 2. c4 e6 3. Nc3 Nf6 4. Bg5 Nbd7 5. Nf3 Be7 6. e3 0-0 7. Bd3 d5 8. cxd5 Nxd5 9. Nxd5 exd5 10. Bxe7 Qxe7 11. Qb3 Nb6 12. Rc1 Bg4 13. Ne5 Be6 14. Qc2 Qb4+ 15. Ke2 g6 16. a3 Qe7 17. h3 Rac8 18. Rhf1 f6 19. Nf3 Nd7 20. b4 b6 21. Ba6 Bf5 22. Qc3 c5 23. Bxc8 Rxc8 24. bxc5 bxc5 25. dxc5 Rxc5 26. Qb4 a5 27. Qb3 Qe4 28. g4 Be6 29. Nd4 Bf7 30. f3 Qe7 31. Rc3 Rc4 32. Nc6 Qe6 33. Nxa5 d4 34. Rxc4 Ne5 35. Rxd4 Qa6+ 36. Nc4 Bxc4+ 37. Rxc4 Nxc4 38. Rc1 1-0

[Event "Batmany ISUCT Rating"]
[Site "Batmany"]
[Date "2010.11.29"]
[Round "1.2"]
[White "Gorshkov, Daniil"]
[Black "Malyshev, Alexandr"]
[Result "1-0"]
[WhiteElo "2133"]
[BlackElo "1955"]
[PlyCount "105"]
[EventDate "2010.11.29"]
[EventType "tourn"]
[EventRounds "10"]
[EventCountry "RUS"]
[SourceTitle "EXT 2022"]
[Source "ChessBase"]
[SourceDate "2021.10.06"]
[SourceVersion "1"]
[SourceVersionDate "2021.10.06"]
[SourceQuality "1"]

1. d4 d5 2. c4 e6 3. Nc3 Nf6 4. Bg5 Be7 5. Nf3 Nc6 6. e3 b6 7. Qb3 Bb7 8. cxd5 Na5 9. Qa4+ c6 10. dxc6 Bxc6 11. Bb5 Qd7 12. Ne5 Bxb5 13. Nxb5 Qd8 14. Nc7+ Kf8 15. Nxa8 Qxa8 16. 0-0 h5 17. Bxf6 Bxf6 18. Nd7+ Kg8 19. Nxf6+ gxf6 20. Rac1 h4 21. h3 Rh6 22. Qc2 Kg7 23. f3 Rg6 24. Qe4 Qh8 25. f4 Qh5 26. f5 exf5 27. Rxf5 Qe2 28. Rf2 Qb5 29. Rcf1 Qg5 30. Kh1 Nc4 31. Qf4 Nxe3 32. Qxg5 Rxg5 33. Re1 Nf5 34. Rd1 Ng3+ 35. Kh2 Rd5 36. Rf4 Nf5 37. Rdf1 Nxd4 38. Rxf6 Rd7 39. R6f4 Ne6 40. Rxh4 Rd2 41. Rg4+ Kf8 42. h4 Rxb2 43. h5 Rb5 44. Rh4 Ng5 45. h6 Nh7 46. Rc1 Rc5 47. Rxc5 bxc5 48. Rc4 f6 49. Rxc5 Kf7 50. Rc7+ Kg6 51. Rxa7 Kxh6 52. Rxh7+ Kxh7 53. a4 1-0

[Event "Kineshma"]
[Site "Kineshma"]
[Date "2009.08.08"]
[Round "8.2"]
[White "Malyshev, Alexandr"]
[Black "Gorshkov, Daniil"]
[Result "0-1"]
[WhiteElo "1955"]
[BlackElo "2145"]
[PlyCount "74"]
[EventDate "2009.08.03"]
[EventType "tourn"]
[EventRounds "9"]
[EventCountry "RUS"]
[SourceTitle "EXT 2022"]
[Source "ChessBase"]
[SourceDate "2021.10.06"]
[SourceVersion "1"]
[SourceVersionDate "2021.10.06"]
[SourceQuality "1"]

1. e4 e5 2. Nf3 Nc6 3. Bb5 a6 4. Ba4 Nf6 5. 0-0 Nxe4 6. d4 b5 7. Bb3 d5 8. Nxe5 Nxe5 9. dxe5 Be6 10. Be3 Nc5 11. c3 Nxb3 12. axb3 Be7 13. b4 0-0 14. Nd2 a5 15. bxa5 c5 16. Nb3 Qc8 17. a6 Rd8 18. a7 Qc7 19. Na5 d4 20. cxd4 cxd4 21. Bd2 Bd5 22. Qe2 Qd7 23. b4 Rxa7 24. Rac1 Ba8 25. Qd3 Qd5 26. Qg3 Ra6 27. f3 Rg6 28. Qf2 Bf8 29. Rfe1 h5 30. Re4 Be7 31. Kf1 Qd7 32. Rh4 Bxh4 33. Qxh4 Rc8 34. Nb3 Rc2 35. Nc5 Qd5 36. Rd1 Rxg2 37. Ne4 Rg6 0-1

[Event "Kineshma"]
[Site "Kineshma"]
[Date "2009.08.07"]
[Round "7.5"]
[White "Gorshkov, Daniil"]
[Black "Vinogradov, Anatoly"]
[Result "1-0"]
[WhiteElo "2145"]
[BlackElo "1909"]
[PlyCount "125"]
[EventDate "2009.08.03"]
[EventType "tourn"]
[EventRounds "9"]
[EventCountry "RUS"]
[SourceTitle "EXT 2022"]
[Source "ChessBase"]
[SourceDate "2021.10.06"]
[SourceVersion "1"]
[SourceVersionDate "2021.10.06"]
[SourceQuality "1"]

1. e4 e5 2. Nf3 Nc6 3. Bc4 Bc5 4. c3 Nf6 5. d4 exd4 6. cxd4 Bb4+ 7. Bd2 Bxd2+ 8. Nbxd2 d5 9. exd5 Nxd5 10. Qb3 Nce7 11. 0-0 0-0 12. Ne4 c6 13. a3 Rb8 14. Rfe1 Nb6 15. Bd3 Be6 16. Qc2 Bd5 17. Qe2 Ng6 18. Qd2 Re8 19. Rac1 Bxe4 20. Bxe4 Nd5 21. Rc5 Nf6 22. Bb1 Rxe1+ 23. Qxe1 Qe7 24. Qxe7 Nxe7 25. Ba2 Ned5 26. Ne5 Re8 27. f3 Rd8 28. Kf2 Kf8 29. g3 Ke7 30. Ke2 Nd7 31. Ra5 Nxe5 32. dxe5 a6 33. Bxd5 cxd5 34. Kd3 Ke6 35. Kd4 Rc8 36. Rxd5 Rc2 37. Rd6+ Ke7 38. Rb6 Rc7 39. h4 Kd7 40. g4 Ke7 41. f4 Kd7 42. f5 Ke8 43. e6 fxe6 44. fxe6 Ke7 45. Kd5 g6 46. g5 h6 47. a4 hxg5 48. hxg5 Ke8 49. Kd6 Kd8 50. Rb4 Rg7 51. Rh4 Rg8 52. Rh7 Kc8 53. Rc7+ Kb8 54. e7 Re8 55. Rd7 Kc8 56. Ke6 Rh8 57. a5 Re8 58. Rd8+ Rxd8 59. exd8Q+ Kxd8 60. Kf6 Ke8 61. Kxg6 Kf8 62. Kh7 Kf7 63. g6+ 1-0

[Event "Kineshma"]
[Site "Kineshma"]
[Date "2009.08.05"]
[Round "2.3"]
[White "Gorshkov, Daniil"]
[Black "Sotnikov, Maxim"]
[Result "1-0"]
[WhiteElo "2145"]
[BlackElo "2037"]
[PlyCount "66"]
[EventDate "2009.08.03"]
[EventType "tourn"]
[EventRounds "9"]
[EventCountry "RUS"]
[SourceTitle "EXT 2022"]
[Source "ChessBase"]
[SourceDate "2021.10.06"]
[SourceVersion "1"]
[SourceVersionDate "2021.10.06"]
[SourceQuality "1"]

1. e4 c5 2. Nc3 Nc6 3. f4 e6 4. Nf3 d5 5. d3 Nf6 6. g3 Be7 7. Bg2 b5 8. 0-0 b4 9. Ne2 Bb7 10. e5 Nd7 11. c4 Nb6 12. b3 0-0 13. Bb2 f6 14. exf6 Bxf6 15. Bxf6 Qxf6 16. Qc2 dxc4 17. dxc4 Qf5 18. Qb2 Nd8 19. Rad1 Bxf3 20. Bxf3 Rc8 21. Nc1 Nf7 22. Nd3 Rcd8 23. Qe2 Rfe8 24. Bg4 Qf6 25. Nxc5 e5 26. Rxd8 Qxd8 27. Ne6 Qb8 28. f5 Nd7 29. Qe3 Nf6 30. Bh3 e4 31. Bg2 Qe5 32. h3 Nd6 33. g4 g6 1-0